LEADER 01071cam0-2200361---450- 001 990004504740403321 005 20141126165530.0 035 $a000450474 035 $aFED01000450474 035 $a(Aleph)000450474FED01 035 $a000450474 100 $a19990604d1959----km-y0itay50------ba 101 0 $aeng 102 $aUS 105 $ay-------001yy 200 1 $aThought and expression in the sixteenth century$fHenry Osborn Taylor 205 $a2. revis. ed. 210 $aNew York$cFrederick Ungar Publ.$d1959 215 $a2 v.$d22 cm 610 0 $aUmanesimo$aEuropa$aSec. 16. 610 0 $aEuropa$aVita intellettuale$aRinascimento 676 $a193 676 $a194 676 $a195 700 1$aTaylor,$bHenry Osborn$f<1856-1941>$0180112 801 0$aIT$bUNINA$gRICA$2UNIMARC 901 $aBK 912 $a990004504740403321 952 $aP.1 SF 167 (1) 2. ed.$bbibl.33389$fFLFBC 952 $aP.1 SF 167 (2) 2. ed.$bbibl.33389$fFLFBC 959 $aFLFBC 996 $aThought and expression in the sixteenth century$9547518 997 $aUNINA LEADER 00932nam0-22003251i-450 001 990007379660403321 005 20240730151811.0 010 $a88-7989-088-3 035 $aFED01000737966 035 $a(Aleph)000737966FED01 100 $a20021213d1994----km-y0itay50------ba 101 0 $aita 102 $aIT 105 $ay-------001yy 200 1 $aImparare ad esistere$enuovi fondamenti della solidarietà sociale$fFranco Crespi 210 $aRoma$cDonzelli$d1994 215 $a126 p.$d22 cm 225 1 $aSaggi$iScienza e filosofia 610 $aetica 676 $a302.5$v11$zita 700 1$aCrespi,$bFranco$f<1930- >$0118376 801 0$aIT$bUNINA$gRICA$2UNIMARC 901 $aBK 912 $a990007379660403321 951 $aXI SSF 14$eDip.to Filosofia dei Diritti$fdfd 952 $aDAM C55 CREF 01$b2024/2799$fFLFBC 959 $aFLFBC 959 $aDFD 996 $aImparare ad esistere$9692866 997 $aUNINA